[Event "World Chess Olympiad 2018"]
[Site "Batumi"]
[Date "2018.10.03"]
[Round "9"]
[Board "2"]
[WhiteFideId "14800268"]
[White "Calicoca Wilton Inacio"]
[BlackFideId "16700058"]
[Black "Mohamed Hassan"]
[Result "1-0"]
[LiveChessVersion "1.4.8"]
[BlackElo "1846"]
[WhiteElo "2135"]

1. e4 {[%clk 1:30:57]} c6 {[%clk 1:30:37]} 2. d4 {[%clk 1:31:00]} d5
{[%clk 1:31:01]} 3. Nc3 {[%clk 1:31:00]} dxe4 {[%clk 1:31:04]} 4. Nxe4
{[%clk 1:31:23]} Bf5 {[%clk 1:30:04]} 5. Ng3 {[%clk 1:31:51]} Bg6
{[%clk 1:30:06]} 6. Nf3 {[%clk 1:32:19]} Nd7 {[%clk 1:29:45]} 7. h4
{[%clk 1:26:51]} h6 {[%clk 1:30:02]} 8. h5 {[%clk 1:27:20]} Bh7 {[%clk 1:30:23]}
9. Bd3 {[%clk 1:27:18]} Bxd3 {[%clk 1:30:06]} 10. Qxd3 {[%clk 1:27:46]} e6
{[%clk 1:30:24]} 11. Bf4 {[%clk 1:27:18]} Ngf6 {[%clk 1:30:17]} 12. O-O-O
{[%clk 1:27:37]} Nd5 {[%clk 1:29:33]} 13. Bd2 {[%clk 1:28:00]} N7f6
{[%clk 1:26:48]} 14. Ne5 {[%clk 1:26:07]} Nb4 {[%clk 1:23:38]} 15. Bxb4
{[%clk 1:20:07]} Bxb4 {[%clk 1:22:32]} 16. c4 {[%clk 1:18:59]} Bd6
{[%clk 1:21:17]} 17. f4 {[%clk 1:18:52]} Qc7 {[%clk 0:54:31]} 18. c5
{[%clk 1:10:40]} Bf8 {[%clk 0:49:29]} 19. f5 {[%clk 1:01:55]} O-O-O
{[%clk 0:48:59]} 20. fxe6 {[%clk 1:02:00]} fxe6 {[%clk 0:47:31]} 21. Ng6
{[%clk 0:59:49]} Rg8 {[%clk 0:47:38]} 22. Ne4 {[%clk 0:59:38]} Kb8
{[%clk 0:40:14]} 23. Qf3 {[%clk 0:52:56]} Be7 {[%clk 0:35:38]} 24. Rhe1
{[%clk 0:50:02]} Nxe4 {[%clk 0:30:49]} 25. Qxe4 {[%clk 0:50:20]} Bg5+
{[%clk 0:30:08]} 26. Kb1 {[%clk 0:50:43]} Rge8 {[%clk 0:29:02]} 27. Qg4
{[%clk 0:48:21]} Bf6 {[%clk 0:26:25]} 28. Nf4 {[%clk 0:45:24]} Rxd4
{[%clk 0:15:10]} 29. Rxd4 {[%clk 0:44:51]} Bxd4 {[%clk 0:15:19]} 30. Nxe6
{[%clk 0:45:05]} Qd7 {[%clk 0:15:12]} 31. Qe4 {[%clk 0:17:53]} Bf6
{[%clk 0:12:55]} 32. Kc2 {[%clk 0:17:12]} a6 {[%clk 0:12:24]} 33. Re2
{[%clk 0:16:20]} Ka7 {[%clk 0:11:48]} 34. g4 {[%clk 0:15:56]} Qf7
{[%clk 0:10:18]} 35. b4 {[%clk 0:10:13]} Qd7 {[%clk 0:10:31]} 36. Qd3
{[%clk 0:07:10]} Qxd3+ {[%clk 0:08:28]} 37. Kxd3 {[%clk 0:07:37]} Kb8
{[%clk 0:08:49]} 38. Nf4 {[%clk 0:06:15]} Rd8+ {[%clk 0:07:42]} 39. Ke4
{[%clk 0:06:15]} Rd4+ {[%clk 0:07:38]} 40. Kf5 {[%clk 0:36:43]} Rxb4
{[%clk 0:37:25]} 41. Re8+ {[%clk 0:35:57]} Ka7 {[%clk 0:32:25]} 42. Rg8
{[%clk 0:35:39]} b6 {[%clk 0:31:45]} 43. cxb6+ {[%clk 0:31:21]} Rxb6
{[%clk 0:29:06]} 44. Ne6 {[%clk 0:31:31]} Rb7 {[%clk 0:29:07]} 45. Kg6
{[%clk 0:31:12]} Kb6 {[%clk 0:29:04]} 46. Nxg7 {[%clk 0:31:13]} Bxg7
{[%clk 0:17:47]} 47. Rxg7 {[%clk 0:31:39]} Rxg7+ {[%clk 0:16:49]} 48. Kxg7
{[%clk 0:32:05]} c5 {[%clk 0:17:09]} 49. g5 {[%clk 0:30:51]} c4 {[%clk 0:17:31]}
50. gxh6 {[%clk 0:31:18]} c3 {[%clk 0:17:41]} 51. h7 {[%clk 0:31:46]} c2
{[%clk 0:18:01]} 52. h8=Q {[%clk 0:31:54]} c1=Q {[%clk 0:17:39]} 1-0

[Event "World Chess Olympiad 2018"]
[Site "Batumi"]
[Date "2018.10.03"]
[Round "9"]
[Board "3"]
[WhiteFideId "16700406"]
[White "Muhammed Shuaau"]
[BlackFideId "14800276"]
[Black "Chunguane Ilidio Alberto"]
[Result "1/2-1/2"]
[LiveChessVersion "1.4.8"]
[BlackElo "2054"]
[WhiteElo "1775"]

1. e4 {[%clk 1:30:56]} e6 {[%clk 1:30:43]} 2. d4 {[%clk 1:31:21]} d5
{[%clk 1:31:02]} 3. Nc3 {[%clk 1:31:46]} Nf6 {[%clk 1:30:49]} 4. Bg5
{[%clk 1:31:42]} Be7 {[%clk 1:31:06]} 5. e5 {[%clk 1:32:05]} Nfd7
{[%clk 1:30:40]} 6. Bxe7 {[%clk 1:32:29]} Qxe7 {[%clk 1:30:38]} 7. f4
{[%clk 1:32:26]} g6 {[%clk 1:30:06]} 8. Nf3 {[%clk 1:32:39]} a6 {[%clk 1:30:14]}
9. Bd3 {[%clk 1:17:41]} c5 {[%clk 1:29:52]} 10. dxc5 {[%clk 1:14:21]} Nxc5
{[%clk 1:27:42]} 11. a3 {[%clk 1:13:56]} Nxd3+ {[%clk 1:27:06]} 12. Qxd3
{[%clk 1:14:12]} Nc6 {[%clk 1:26:43]} 13. O-O {[%clk 1:12:58]} b5
{[%clk 1:25:11]} 14. b4 {[%clk 1:11:41]} Bb7 {[%clk 1:22:35]} 15. Ne2
{[%clk 1:11:51]} Rc8 {[%clk 1:21:16]} 16. c3 {[%clk 1:08:01]} Qc7
{[%clk 1:15:32]} 17. g4 {[%clk 1:00:41]} h5 {[%clk 1:08:47]} 18. h3
{[%clk 0:59:58]} hxg4 {[%clk 1:06:24]} 19. hxg4 {[%clk 1:00:20]} Ne7
{[%clk 1:01:43]} 20. Nfd4 {[%clk 0:58:48]} Kd7 {[%clk 0:56:37]} 21. Rf2
{[%clk 0:50:13]} Rh4 {[%clk 0:53:01]} 22. Rg2 {[%clk 0:48:31]} Rch8
{[%clk 0:51:41]} 23. Kf2 {[%clk 0:48:52]} Rh3 {[%clk 0:48:24]} 24. Rg3
{[%clk 0:47:42]} Rh2+ {[%clk 0:47:36]} 25. Ke3 {[%clk 0:47:40]} Qc4
{[%clk 0:39:33]} 26. a4 {[%clk 0:47:00]} Qxd3+ {[%clk 0:36:08]} 27. Kxd3
{[%clk 0:47:26]} bxa4 {[%clk 0:36:08]} 28. Rxa4 {[%clk 0:47:09]} R8h3
{[%clk 0:33:05]} 29. Rxh3 {[%clk 0:45:32]} Rxh3+ {[%clk 0:30:07]} 30. Kd2
{[%clk 0:45:50]} Kc7 {[%clk 0:22:43]} 31. Ra1 {[%clk 0:40:43]} Nc6
{[%clk 0:20:45]} 32. Rf1 {[%clk 0:37:51]} Nxd4 {[%clk 0:19:32]} 33. Nxd4
{[%clk 0:37:52]} Bc8 {[%clk 0:17:06]} 34. f5 {[%clk 0:26:09]} gxf5
{[%clk 0:16:36]} 35. gxf5 {[%clk 0:26:37]} exf5 {[%clk 0:14:41]} 36. Nxf5
{[%clk 0:26:47]} Rh5 {[%clk 0:11:56]} 37. Nd6 {[%clk 0:26:48]} Be6
{[%clk 0:05:48]} 38. Nxf7 {[%clk 0:26:17]} Kd7 {[%clk 0:05:41]} 39. Kd3
{[%clk 0:21:57]} Ke7 {[%clk 0:05:30]} 40. Nd6 {[%clk 0:52:19]} Rxe5
{[%clk 0:34:53]} 41. Nb7 {[%clk 0:52:37]} Rh5 {[%clk 0:21:49]} 42. Nc5
{[%clk 0:49:26]} Rh3+ {[%clk 0:18:31]} 43. Kc2 {[%clk 0:47:35]} Bc8
{[%clk 0:17:52]} 44. Re1+ {[%clk 0:46:45]} Kd6 {[%clk 0:16:41]} 45. Re8
{[%clk 0:39:12]} Bf5+ {[%clk 0:16:12]} 46. Kb2 {[%clk 0:39:10]} a5
{[%clk 0:15:47]} 1/2-1/2

[Event "World Chess Olympiad 2018"]
[Site "Batumi"]
[Date "2018.10.03"]
[Round "9"]
[Board "4"]
[WhiteFideId "14800500"]
[White "Gafar Izdine"]
[BlackFideId "16700031"]
[Black "Ahmed Ashraf"]
[Result "0-1"]
[LiveChessVersion "1.4.8"]
[BlackElo "1863"]
[WhiteElo "1984"]

1. Nf3 {[%clk 1:30:54]} Nf6 {[%clk 1:30:52]} 2. c4 {[%clk 1:31:05]} e6
{[%clk 1:31:12]} 3. a3 {[%clk 1:31:02]} c5 {[%clk 1:30:51]} 4. e3
{[%clk 1:30:43]} Nc6 {[%clk 1:30:27]} 5. Nc3 {[%clk 1:30:55]} Be7
{[%clk 1:29:31]} 6. Be2 {[%clk 1:30:49]} O-O {[%clk 1:29:52]} 7. O-O
{[%clk 1:31:13]} b6 {[%clk 1:28:25]} 8. d4 {[%clk 1:29:42]} cxd4 {[%clk 1:27:29]}
9. exd4 {[%clk 1:29:53]} d5 {[%clk 1:26:55]} 10. h3 {[%clk 1:29:09]} Bb7
{[%clk 1:19:06]} 11. Be3 {[%clk 1:29:35]} dxc4 {[%clk 1:16:53]} 12. Bxc4
{[%clk 1:29:41]} Na5 {[%clk 1:15:59]} 13. Ba2 {[%clk 1:30:05]} Rc8
{[%clk 1:14:59]} 14. Ne5 {[%clk 1:28:58]} Ne4 {[%clk 1:10:54]} 15. Nxe4
{[%clk 1:20:14]} Bxe4 {[%clk 1:10:21]} 16. Qg4 {[%clk 1:19:35]} Bd5
{[%clk 1:08:50]} 17. b4 {[%clk 1:02:28]} Nc6 {[%clk 1:01:38]} 18. Bb1
{[%clk 0:57:02]} f5 {[%clk 0:51:55]} 19. Qh5 {[%clk 0:54:08]} Nxe5
{[%clk 0:42:03]} 20. dxe5 {[%clk 0:54:16]} g6 {[%clk 0:42:03]} 21. Qd1
{[%clk 0:49:28]} f4 {[%clk 0:41:06]} 22. Bc1 {[%clk 0:32:11]} Qc7
{[%clk 0:31:25]} 23. Bb2 {[%clk 0:28:42]} f3 {[%clk 0:29:39]} 24. g3
{[%clk 0:28:38]} Rfd8 {[%clk 0:26:11]} 25. Qd4 {[%clk 0:13:17]} Bc4
{[%clk 0:18:26]} 26. Qg4 {[%clk 0:13:28]} Bxf1 {[%clk 0:15:56]} 27. Qxe6+
{[%clk 0:13:37]} Kf8 {[%clk 0:15:36]} 28. Bxg6 {[%clk 0:11:08]} hxg6
{[%clk 0:15:29]} 29. Qxg6 {[%clk 0:10:49]} Qc2 {[%clk 0:09:01]} 30. Qh6+
{[%clk 0:10:26]} Ke8 {[%clk 0:08:41]} 31. e6 {[%clk 0:10:16]} Qf5
{[%clk 0:07:31]} 32. Rxf1 {[%clk 0:07:31]} Bf8 {[%clk 0:06:11]} 33. Qh8
{[%clk 0:05:01]} Rc7 {[%clk 0:05:03]} 34. g4 {[%clk 0:04:56]} Qh7
{[%clk 0:02:41]} 35. e7 {[%clk 0:04:46]} Rxe7 {[%clk 0:02:34]} 0-1

[Event "World Chess Olympiad 2018"]
[Site "Batumi"]
[Date "2018.10.03"]
[Round "9"]
[Board "1"]
[WhiteFideId "5600618"]
[White "Zerafa Robert"]
[BlackFideId "11300280"]
[Black "Khetho Phemelo"]
[Result "0-1"]
[LiveChessVersion "1.4.8"]
[BlackElo "2158"]
[WhiteElo "2085"]

1. e4 {[%clk 1:30:58]} c5 {[%clk 1:30:48]} 2. b3 {[%clk 1:31:08]} d6
{[%clk 1:27:54]} 3. Bb5+ {[%clk 1:31:20]} Bd7 {[%clk 1:28:05]} 4. Bxd7+
{[%clk 1:31:12]} Qxd7 {[%clk 1:28:14]} 5. Bb2 {[%clk 1:31:38]} Nc6
{[%clk 1:28:19]} 6. d3 {[%clk 1:31:02]} e5 {[%clk 1:23:30]} 7. f4
{[%clk 1:22:45]} Nge7 {[%clk 1:10:45]} 8. fxe5 {[%clk 1:11:34]} dxe5
{[%clk 1:11:01]} 9. Nf3 {[%clk 1:11:58]} f6 {[%clk 1:09:34]} 10. Nbd2
{[%clk 1:09:09]} Nd4 {[%clk 1:08:57]} 11. a4 {[%clk 1:02:32]} Nec6
{[%clk 1:04:40]} 12. O-O {[%clk 0:57:26]} Be7 {[%clk 0:59:44]} 13. Nc4
{[%clk 0:54:43]} g6 {[%clk 0:44:22]} 14. Kh1 {[%clk 0:53:52]} O-O-O
{[%clk 0:38:17]} 15. Qd2 {[%clk 0:43:44]} h5 {[%clk 0:31:46]} 16. a5
{[%clk 0:43:12]} Kb8 {[%clk 0:29:16]} 17. Rab1 {[%clk 0:32:17]} h4
{[%clk 0:27:15]} 18. Bxd4 {[%clk 0:31:13]} exd4 {[%clk 0:27:15]} 19. Qf4+
{[%clk 0:27:32]} Qc7 {[%clk 0:19:57]} 20. Qxc7+ {[%clk 0:22:29]} Kxc7
{[%clk 0:20:26]} 21. h3 {[%clk 0:22:20]} g5 {[%clk 0:19:36]} 22. Nh2
{[%clk 0:22:39]} Kd7 {[%clk 0:10:26]} 23. Ng4 {[%clk 0:21:47]} Ke6
{[%clk 0:10:06]} 24. Kg1 {[%clk 0:20:06]} Rdg8 {[%clk 0:07:45]} 25. Rf2
{[%clk 0:19:50]} Rg6 {[%clk 0:08:06]} 26. Kf1 {[%clk 0:19:17]} Rc8
{[%clk 0:06:03]} 27. Ke2 {[%clk 0:19:06]} Nb4 {[%clk 0:05:04]} 28. Kd2
{[%clk 0:18:52]} Bd8 {[%clk 0:04:36]} 29. Rbf1 {[%clk 0:18:51]} Nc6
{[%clk 0:04:33]} 30. Ke2 {[%clk 0:14:59]} Nb4 {[%clk 0:04:27]} 31. Kd1
{[%clk 0:15:26]} b5 {[%clk 0:03:40]} 32. axb6 {[%clk 0:15:41]} axb6
{[%clk 0:04:09]} 33. e5 {[%clk 0:14:52]} b5 {[%clk 0:03:39]} 34. Nd6
{[%clk 0:10:30]} Ra8 {[%clk 0:03:50]} 35. Nxb5 {[%clk 0:10:40]} Ra1+
{[%clk 0:03:54]} 36. Kd2 {[%clk 0:10:18]} Rxf1 {[%clk 0:03:52]} 37. Rxf1
{[%clk 0:10:47]} f5 {[%clk 0:03:21]} 38. Nh2 {[%clk 0:09:48]} Kxe5
{[%clk 0:01:58]} 39. Nf3+ {[%clk 0:10:00]} Kd5 {[%clk 0:01:57]} 40. Na3
{[%clk 0:31:21]} g4 {[%clk 0:31:09]} 41. Ne1 {[%clk 0:22:32]} Bg5+
{[%clk 0:30:45]} 42. Kd1 {[%clk 0:22:02]} Ke6 {[%clk 0:28:01]} 43. Nc4
{[%clk 0:22:09]} Nd5 {[%clk 0:28:12]} 44. Ke2 {[%clk 0:16:49]} Rg8
{[%clk 0:25:47]} 45. hxg4 {[%clk 0:16:37]} fxg4 {[%clk 0:25:51]} 46. Rf2
{[%clk 0:14:12]} Ra8 {[%clk 0:20:10]} 47. Kf1 {[%clk 0:11:40]} Ne3+
{[%clk 0:18:26]} 48. Ke2 {[%clk 0:12:08]} Nf5 {[%clk 0:18:43]} 49. Rxf5
{[%clk 0:06:15]} Kxf5 {[%clk 0:18:55]} 50. Nd6+ {[%clk 0:06:44]} Kf4
{[%clk 0:18:35]} 51. Ne4 {[%clk 0:07:12]} Be7 {[%clk 0:18:49]} 52. Kf2
{[%clk 0:07:25]} Ra1 {[%clk 0:18:16]} 53. Ke2 {[%clk 0:05:23]} Rb1
{[%clk 0:16:34]} 54. g3+ {[%clk 0:05:26]} hxg3 {[%clk 0:15:26]} 55. Ng2+
{[%clk 0:05:53]} Ke5 {[%clk 0:15:39]} 56. Nd2 {[%clk 0:02:32]} Rg1
{[%clk 0:15:25]} 57. Ne1 {[%clk 0:02:59]} 0-1

[Event "World Chess Olympiad 2018"]
[Site "Batumi"]
[Date "2018.10.03"]
[Round "9"]
[Board "2"]
[WhiteFideId "11300310"]
[White "Gaealafshwe Barileng"]
[BlackFideId "5600189"]
[Black "Pace Colin"]
[Result "1-0"]
[LiveChessVersion "1.4.8"]
[BlackElo "2132"]
[WhiteElo "2144"]

1. Nf3 {[%clk 1:30:57]} g6 {[%clk 1:30:44]} 2. d4 {[%clk 1:31:18]} Bg7
{[%clk 1:30:52]} 3. c4 {[%clk 1:31:38]} f5 {[%clk 1:31:10]} 4. Nc3
{[%clk 1:31:51]} Nf6 {[%clk 1:31:33]} 5. g3 {[%clk 1:32:04]} d6 {[%clk 1:31:43]}
6. Bg2 {[%clk 1:32:08]} O-O {[%clk 1:32:01]} 7. O-O {[%clk 1:32:30]} Qe8
{[%clk 1:32:25]} 8. Nd5 {[%clk 1:30:47]} Nxd5 {[%clk 1:32:40]} 9. cxd5
{[%clk 1:31:12]} Nd7 {[%clk 1:32:48]} 10. Ng5 {[%clk 1:29:02]} Nb6
{[%clk 1:19:08]} 11. a4 {[%clk 1:27:33]} a5 {[%clk 0:47:14]} 12. e4
{[%clk 1:14:58]} h6 {[%clk 0:43:52]} 13. Ne6 {[%clk 1:14:57]} Bxe6
{[%clk 0:44:05]} 14. dxe6 {[%clk 1:15:22]} fxe4 {[%clk 0:42:24]} 15. Bxe4
{[%clk 1:15:01]} d5 {[%clk 0:41:38]} 16. Bg2 {[%clk 1:11:13]} Qc6
{[%clk 0:35:01]} 17. Bh3 {[%clk 1:07:02]} Nc4 {[%clk 0:34:11]} 18. Qd3
{[%clk 1:02:26]} g5 {[%clk 0:28:46]} 19. b3 {[%clk 0:58:11]} Nd6 {[%clk 0:28:05]}
20. Ba3 {[%clk 0:58:12]} Qa6 {[%clk 0:23:24]} 21. Qc2 {[%clk 0:49:46]} Rac8
{[%clk 0:20:21]} 22. Rac1 {[%clk 0:49:25]} Qb6 {[%clk 0:17:06]} 23. Bc5
{[%clk 0:41:28]} Qc6 {[%clk 0:16:16]} 24. Qd3 {[%clk 0:40:36]} Qe8
{[%clk 0:16:01]} 25. Bxd6 {[%clk 0:35:24]} cxd6 {[%clk 0:16:18]} 26. Bg2
{[%clk 0:35:35]} Rxc1 {[%clk 0:09:10]} 27. Rxc1 {[%clk 0:35:49]} Qd8
{[%clk 0:08:57]} 28. Bxd5 {[%clk 0:34:52]} Qb6 {[%clk 0:09:25]} 29. Rd1
{[%clk 0:34:42]} Rc8 {[%clk 0:08:01]} 30. Qg6 {[%clk 0:32:49]} Rf8
{[%clk 0:08:19]} 31. Be4 {[%clk 0:25:34]} Rc8 {[%clk 0:06:41]} 32. Qh7+
{[%clk 0:20:09]} Kf8 {[%clk 0:07:09]} 33. Bg6 {[%clk 0:19:30]} Qxb3
{[%clk 0:03:31]} 34. Bf7 {[%clk 0:19:19]} 1-0

[Event "World Chess Olympiad 2018"]
[Site "Batumi"]
[Date "2018.10.03"]
[Round "9"]
[Board "3"]
[WhiteFideId "5601061"]
[White "Darmanin Jake"]
[BlackFideId "11300710"]
[Black "Notha Moakofi"]
[Result "0-1"]
[LiveChessVersion "1.4.8"]
[BlackElo "2071"]
[WhiteElo "2069"]

1. e4 {[%clk 1:30:51]} e5 {[%clk 1:30:37]} 2. Nf3 {[%clk 1:31:17]} Nc6
{[%clk 1:30:51]} 3. Bb5 {[%clk 1:31:44]} a6 {[%clk 1:31:06]} 4. Ba4
{[%clk 1:32:12]} Nf6 {[%clk 1:31:18]} 5. O-O {[%clk 1:32:37]} Be7
{[%clk 1:31:31]} 6. Re1 {[%clk 1:33:05]} b5 {[%clk 1:31:48]} 7. Bb3
{[%clk 1:33:33]} d6 {[%clk 1:31:47]} 8. c3 {[%clk 1:33:52]} O-O {[%clk 1:32:03]}
9. h3 {[%clk 1:34:16]} Na5 {[%clk 1:32:21]} 10. Bc2 {[%clk 1:34:37]} c5
{[%clk 1:32:46]} 11. d4 {[%clk 1:34:51]} cxd4 {[%clk 1:31:45]} 12. cxd4
{[%clk 1:33:53]} exd4 {[%clk 1:31:39]} 13. Nxd4 {[%clk 1:30:33]} Re8
{[%clk 1:31:28]} 14. b4 {[%clk 1:19:21]} Nc4 {[%clk 1:31:45]} 15. Nc6
{[%clk 1:17:27]} Qc7 {[%clk 1:32:07]} 16. Nxe7+ {[%clk 1:17:47]} Qxe7
{[%clk 1:32:12]} 17. Nc3 {[%clk 0:58:03]} Bb7 {[%clk 1:31:12]} 18. Bf4
{[%clk 0:48:50]} d5 {[%clk 1:26:52]} 19. Nxd5 {[%clk 0:29:09]} Nxd5
{[%clk 1:06:47]} 20. exd5 {[%clk 0:29:29]} Qxe1+ {[%clk 1:06:40]} 21. Qxe1
{[%clk 0:29:56]} Rxe1+ {[%clk 1:06:57]} 22. Rxe1 {[%clk 0:30:23]} Bxd5
{[%clk 1:07:13]} 23. Rd1 {[%clk 0:24:42]} Bc6 {[%clk 1:01:09]} 24. Bb3
{[%clk 0:17:40]} Rc8 {[%clk 0:58:20]} 25. Rd4 {[%clk 0:14:29]} Be8
{[%clk 0:57:55]} 26. Kf1 {[%clk 0:10:40]} h6 {[%clk 0:57:16]} 27. g4
{[%clk 0:09:06]} g5 {[%clk 0:56:57]} 28. Bg3 {[%clk 0:08:22]} Kg7
{[%clk 0:56:36]} 29. Ke2 {[%clk 0:06:18]} f6 {[%clk 0:54:27]} 30. f4
{[%clk 0:03:02]} Bf7 {[%clk 0:53:12]} 31. Rd7 {[%clk 0:02:10]} Re8+
{[%clk 0:45:20]} 32. Kf2 {[%clk 0:02:16]} Kf8 {[%clk 0:43:08]} 33. Ra7
{[%clk 0:02:21]} Re6 {[%clk 0:42:33]} 34. f5 {[%clk 0:00:58]} Rc6
{[%clk 0:41:58]} 35. Rb7 {[%clk 0:00:42]} h5 {[%clk 0:41:37]} 36. a4
{[%clk 0:00:39]} h4 {[%clk 0:31:54]} 37. Bb8 {[%clk 0:00:36]} Rb6
{[%clk 0:27:05]} 38. Rxb6 {[%clk 0:01:05]} Nxb6 {[%clk 0:27:24]} 39. Bd6+
{[%clk 0:01:12]} Ke8 {[%clk 0:26:42]} 40. Bxf7+ {[%clk 0:30:41]} Kxf7
{[%clk 0:57:07]} 41. axb5 {[%clk 0:23:38]} axb5 {[%clk 0:57:33]} 42. Kf3
{[%clk 0:16:59]} Nc4 {[%clk 0:40:34]} 43. Bc5 {[%clk 0:15:13]} Nb2
{[%clk 0:12:45]} 44. Ke4 {[%clk 0:13:57]} Kg7 {[%clk 0:11:33]} 45. Bd4
{[%clk 0:07:49]} Nc4 {[%clk 0:10:51]} 46. Kd5 {[%clk 0:07:25]} Kf7
{[%clk 0:10:57]} 47. Kc6 {[%clk 0:03:41]} Na3 {[%clk 0:09:07]} 48. Bc5
{[%clk 0:03:06]} Ke8 {[%clk 0:08:42]} 49. Kd6 {[%clk 0:02:40]} Kf7
{[%clk 0:09:06]} 50. Bd4 {[%clk 0:02:30]} Nc4+ {[%clk 0:08:33]} 51. Kc5
{[%clk 0:02:50]} Na3 {[%clk 0:08:53]} 52. Be3 {[%clk 0:02:13]} Nc4
{[%clk 0:08:37]} 53. Bd4 {[%clk 0:01:55]} Na3 {[%clk 0:08:58]} 54. Bb2
{[%clk 0:02:03]} Nc4 {[%clk 0:09:20]} 55. Bc1 {[%clk 0:02:04]} Ne5
{[%clk 0:09:12]} 56. Kxb5 {[%clk 0:02:25]} Nxg4 {[%clk 0:09:17]} 57. Kc5
{[%clk 0:00:55]} Ne5 {[%clk 0:09:16]} 58. Be3 {[%clk 0:00:45]} g4
{[%clk 0:08:00]} 59. hxg4 {[%clk 0:00:36]} h3 {[%clk 0:08:20]} 60. Bg1
{[%clk 0:00:40]} Nf3 {[%clk 0:08:38]} 61. b5 {[%clk 0:00:37]} Nxg1
{[%clk 0:08:55]} 62. b6 {[%clk 0:01:02]} h2 {[%clk 0:09:17]} 63. b7
{[%clk 0:01:27]} h1=Q {[%clk 0:09:28]} 64. b8=Q {[%clk 0:01:52]} Qe4
{[%clk 0:07:37]} 65. Qb3+ {[%clk 0:01:16]} Kg7 {[%clk 0:07:33]} 66. Qd1
{[%clk 0:00:39]} Qe7+ {[%clk 0:06:26]} 67. Kb6 {[%clk 0:00:38]} Ne2
{[%clk 0:06:28]} 68. Qh1 {[%clk 0:00:34]} Qb4+ {[%clk 0:06:13]} 69. Kc7
{[%clk 0:00:38]} Qxg4 {[%clk 0:05:59]} 70. Qd5 {[%clk 0:00:47]} Qf4+
{[%clk 0:05:46]} 71. Kc8 {[%clk 0:00:53]} Nd4 {[%clk 0:04:14]} 72. Qb7+
{[%clk 0:00:55]} Kh6 {[%clk 0:03:34]} 73. Qh1+ {[%clk 0:01:15]} Kg5
{[%clk 0:03:45]} 74. Qg2+ {[%clk 0:01:01]} Qg4 {[%clk 0:03:43]} 75. Qd2+
{[%clk 0:01:11]} Kxf5 {[%clk 0:04:01]} 76. Kd7 {[%clk 0:00:42]} Ke5+
{[%clk 0:03:13]} 77. Kc7 {[%clk 0:00:34]} Ne6+ {[%clk 0:02:55]} 78. Kb7
{[%clk 0:00:38]} Qe4+ {[%clk 0:03:00]} 79. Kb8 {[%clk 0:00:40]} f5
{[%clk 0:04:06]} 80. Qc3+ {[%clk 0:00:44]} Kd6 {[%clk 0:03:34]} 81. Qa3+
{[%clk 0:00:39]} Nc5 {[%clk 0:03:34]} 82. Qg3+ {[%clk 0:01:01]} f4
{[%clk 0:03:30]} 83. Qg7 {[%clk 0:00:34]} Qe8+ {[%clk 0:02:10]} 84. Ka7
{[%clk 0:00:57]} Qa4+ {[%clk 0:01:47]} 85. Kb8 {[%clk 0:01:24]} Qb5+
{[%clk 0:01:44]} 86. Ka8 {[%clk 0:01:39]} Qa6+ {[%clk 0:01:50]} 87. Kb8
{[%clk 0:01:56]} Qb7+ {[%clk 0:02:01]} 0-1

[Event "World Chess Olympiad 2018"]
[Site "Batumi"]
[Date "2018.10.03"]
[Round "9"]
[Board "4"]
[WhiteFideId "11300353"]
[White "Gumpo Thabo"]
[BlackFideId "5600405"]
[Black "Said Oliver"]
[Result "1-0"]
[LiveChessVersion "1.4.8"]
[BlackElo "1924"]
[WhiteElo "2059"]

1. e4 c5 2. b3 g6 3. Bb2 Nf6 4. Nc3 d6 5. Bb5+ Bd7 6. Bxd7+ Nbxd7 7. f4 Bg7 8.
Qf3 a6 9. Nge2 b5 10. g4 e6 11. O-O-O b4 12. Na4 Rc8 13. d3 Nb6 14. Nxb6 Qxb6 15.
Ng3 O-O 16. f5 Nd7 17. f6 Bh6+ 18. Kb1 Ne5 19. Bxe5 dxe5 20. h4 Rfd8 21. g5 Bf8
22. h5 c4 23. hxg6 hxg6 24. Qe2 cxb3 25. cxb3 Qd4 26. Qh2 Rc1+ 27. Rxc1 Qxd3+ 28.
Rc2 1-0

[Event "World Chess Olympiad 2018"]
[Site "Batumi"]
[Date "2018.10.03"]
[Round "9"]
[Board "1"]
[WhiteFideId "11200243"]
[White "Ayyad Husain"]
[BlackFideId "6001238"]
[Black "Lam Daniel King Wai"]
[Result "0-1"]
[LiveChessVersion "1.4.8"]
[BlackElo "2145"]
[WhiteElo "2243"]

1. e4 {[%clk 1:29:59]} e6 {[%clk 1:30:57]} 2. d4 {[%clk 1:29:24]} d5
{[%clk 1:31:25]} 3. e5 {[%clk 1:28:05]} c5 {[%clk 1:31:49]} 4. Nf3
{[%clk 1:28:31]} cxd4 {[%clk 1:31:57]} 5. Qxd4 {[%clk 1:28:55]} Nc6
{[%clk 1:32:15]} 6. Qd1 {[%clk 1:25:30]} Nge7 {[%clk 1:30:47]} 7. Bd3
{[%clk 1:25:29]} Ng6 {[%clk 1:29:39]} 8. Qe2 {[%clk 1:25:53]} Qc7
{[%clk 1:28:34]} 9. Bxg6 {[%clk 1:21:16]} fxg6 {[%clk 1:19:13]} 10. O-O
{[%clk 1:21:39]} Be7 {[%clk 1:16:04]} 11. Nbd2 {[%clk 1:16:54]} O-O
{[%clk 1:10:43]} 12. Nb3 {[%clk 1:09:00]} Bd7 {[%clk 1:07:00]} 13. Re1
{[%clk 1:07:14]} h6 {[%clk 1:00:07]} 14. c3 {[%clk 1:01:55]} g5 {[%clk 0:59:04]}
15. Nfd4 {[%clk 0:55:17]} Nxd4 {[%clk 0:52:57]} 16. Nxd4 {[%clk 0:44:30]} Bc5
{[%clk 0:48:59]} 17. Be3 {[%clk 0:36:49]} Qxe5 {[%clk 0:44:03]} 18. Nf3
{[%clk 0:37:12]} Qc7 {[%clk 0:43:17]} 19. Bxc5 {[%clk 0:37:35]} Qxc5
{[%clk 0:43:45]} 20. Nd4 {[%clk 0:37:56]} Qd6 {[%clk 0:34:28]} 21. Qe5
{[%clk 0:38:21]} Qb6 {[%clk 0:33:32]} 22. Re2 {[%clk 0:38:32]} Rf6
{[%clk 0:32:49]} 23. g3 {[%clk 0:34:51]} Raf8 {[%clk 0:31:12]} 24. Kg2
{[%clk 0:33:56]} a5 {[%clk 0:30:01]} 25. f3 {[%clk 0:34:11]} Kh8 {[%clk 0:26:27]}
26. Rh1 {[%clk 0:28:20]} Qd8 {[%clk 0:23:27]} 27. Qd6 {[%clk 0:24:49]} e5
{[%clk 0:23:08]} 28. Qxe5 {[%clk 0:19:39]} Re8 {[%clk 0:23:01]} 29. Rhe1
{[%clk 0:20:04]} Rxe5 {[%clk 0:22:55]} 30. Rxe5 {[%clk 0:20:33]} Rf8
{[%clk 0:22:17]} 31. Ne6 {[%clk 0:20:40]} Bxe6 {[%clk 0:22:27]} 32. Rxe6
{[%clk 0:21:10]} d4 {[%clk 0:22:16]} 33. cxd4 {[%clk 0:20:35]} Qxd4 34. R1e2 Qd5
{[%clk 0:22:16]} 35. R6e3 {[%clk 0:17:45]} g4 {[%clk 0:21:54]} 0-1